000 00723nam a22002177a 4500
999 _c61286
_d61286
005 20240125154402.0
008 240125s2009 enk||||| |||| 00| 0 eng d
020 _a9780470502495
041 _aeng
080 _a004.738.5 C-69
100 _aCole, Eric
_921134
245 _aNetwork Security Bible /
_cEric Cole, Ronald Krutz, James W. Conley.
250 _aSecond edition
264 _aIndianapolis :
_b Wiley,
_c2009.
300 _a892 p. :
_bill.;
_c24 cm.
653 _aქსელის უსაფრთხოება
653 _aინტერნეტი
700 _aKrutz, Ronald
_eავტორი
_921135
700 _aConley, James W.
_eავტორი
_921136
942 _2udc
_cᲬᲘᲒᲜᲘ